Historia del espíritu griego. Desde Homero hasta Luciano.

Guardat en:
Dades bibliogràfiques
Autor principal: Nestle, Wilhelm (autor)
Altres autors: Sacristán, Manuel (traducción)
Format: Llibre
Publicat: Barcelona, España: Ariel, 1987.
Edició:4.ª edición
Col·lecció:Ariel Filosofía
Matèries:
Etiquetes: Afegir etiqueta
Sense etiquetes, Sigues el primer a etiquetar aquest registre!

MARC

LEADER 00000nam a2200000 a 4500
001 UCP5276
003 CL-VaPUC
005 20241127085259.0
008 220714t1987 ||||| |||| 00| 0 eng d
999 |c 437052  |d 437050 
020 |a 84-344-3904-2 
040 |c Pontificia Universidad Católica de Valparaíso 
082 0 4 |a 938 NES 1987  |2 21 
100 |a Nestle, Wilhelm  |e autor  |9 433578 
245 1 0 |a Historia del espíritu griego.   |b Desde Homero hasta Luciano. 
250 |a 4.ª edición 
260 |a Barcelona, España:  |b Ariel,  |c 1987. 
300 |a 379 páginas. 
490 0 |a Ariel Filosofía 
500 |a c.1 Donación Familia Prof. Alejandro Guzmán Brito. 
583 |a last modification  |c 19990903 00:00:00  |k Catalogador Asistente 
600 0 |a Homero   |e autor  |9 265577 
600 0 7 |a Hesiodo  |2 CL-VaPUC  |9 334567 
600 0 |a Heraclito  |9 848988 
600 0 |a Pitágoras  |9 433580 
600 0 |a Sófocles  |e autor  |9 269407 
600 0 7 |a Eurípides  |2 CL-VaPUC  |9 269419 
600 0 |a Sócrates  |9 266368 
600 0 7 |a Platón  |2 CL-VaPUC  |9 222 
600 0 |a Aristóteles,  |d 384 a.C.- 322 a.C.  |9 194 
650 0 |a Helenismo  |9 267485 
650 0 |a Civilización griega  |9 265578 
650 0 |a Mitología griega   |9 265313 
650 0 |a Filosofía griega  |9 265579 
650 7 |a Literatura griega  |2 CL-VaPUC  |9 258054 
650 7 |a Sofistas  |2 CL-VaPUC  |9 433581 
650 0 |a Tragedia griega  |9 265362 
651 0 |a Grecia  |9 265314 
700 |a Sacristán, Manuel   |e traducción  |9 872928 
942 |c BK  |2 ddc  |n 0 
952 |0 0  |1 0  |2 ddc  |4 0  |6 938_000000000000000_NES_1987  |7 0  |8 C_AGB  |9 584794  |a BIBDER  |b BIBDER  |d 2022-07-14  |e Donación  |i 5652981  |o 938 NES 1987  |p 5652981  |r 2023-01-25  |t 1  |w 2022-07-14  |y BK_US  |k AGB